00587caa a22001572a 4500001000900000003001100009008004300020092001700063100002100080245007800101300001600179500009200195942000900287999001700296773011600313 018594 AR-FADEU 311216n########xxu####################dd a408.9bN551f aDorian, Nancy C. aSurprises in sutheriand : linguistic variability amidst social uniformity aPP. 133-151 aEn: Linguistic fieldwork / ed. Paul Newman. New York : Cambridge University Press, 2001 cBDGR c24326d243260 024317924076aNewman, Paul, ed.bdNew Yorko05053tLinguistic fieldworkw( AR-FADEU) 018585xz0-521-66937-5